| 000 | 00514nam a22001577a 4500 | ||
|---|---|---|---|
| 003 | IT-RoPau | ||
| 005 | 20220918175939.0 | ||
| 008 | 130130b xxu||||| |||| 00| 0 eng d | ||
| 040 | _cIT-RoPau | ||
| 100 |
_aSocietà San Paolo _998 |
||
| 245 |
_aAgenda Paolina 1999 _bcon riflessioni quotidiane dagli scritti del Venerabile Don Giacomo Alberione |
||
| 260 |
_aRoma _bCasa Generalizia della Società San Paolo _c1998 |
||
| 300 |
_apagine non numerate _c15 cm |
||
| 490 | _aSegreteria Generale SSP | ||
| 942 |
_2ddc _cBK |
||
| 999 |
_c37893 _d37893 |
||